MARC details
| 000 -LEADER |
| fixed length control field |
02516nam a22003137a 4500 |
| 003 - CONTROL NUMBER IDENTIFIER |
| control field |
BDCtgAUW |
| 005 - DATE AND TIME OF LATEST TRANSACTION |
| control field |
20260324193003.0 |
| 006 - FIXED-LENGTH DATA ELEMENTS--ADDITIONAL MATERIAL CHARACTERISTICS |
| fixed length control field |
m |o d | |
| 007 - PHYSICAL DESCRIPTION FIXED FIELD--GENERAL INFORMATION |
| fixed length control field |
cr_||||||||||| |
| 008 - FIXED-LENGTH DATA ELEMENTS--GENERAL INFORMATION |
| fixed length control field |
210521s2021 cau ob 001 0 eng c |
| 010 ## - LIBRARY OF CONGRESS CONTROL NUMBER |
| LC control number |
2021024091 |
| 020 ## - INTERNATIONAL STANDARD BOOK NUMBER |
| International Standard Book Number |
9781119755548 |
| 040 ## - CATALOGING SOURCE |
| Language of cataloging |
BDCtgAUW |
| Transcribing agency |
BDCtgAUW |
| Modifying agency |
BDCtgAUW |
| 050 00 - LIBRARY OF CONGRESS CALL NUMBER |
| Classification number |
LB1062 |
| 100 10 - MAIN ENTRY--PERSONAL NAME |
| Personal name |
Lang, James M. |
| Relator term |
author. |
| 9 (RLIN) |
55991 |
| 245 10 - TITLE STATEMENT |
| Title |
Small teaching : |
| Remainder of title |
everyday lessons from the science of learning / |
| 250 ## - EDITION STATEMENT |
| Edition statement |
Second edition. |
| 263 ## - PROJECTED PUBLICATION DATE |
| Projected publication date |
2108 |
| 264 #1 - PRODUCTION, PUBLICATION, DISTRIBUTION, MANUFACTURE, AND COPYRIGHT NOTICE |
| Place of production, publication, distribution, manufacture |
San Francisco : |
| Name of producer, publisher, distributor, manufacturer |
Jossey-Bass, |
| Date of production, publication, distribution, manufacture, or copyright notice |
2021. |
| 300 ## - PHYSICAL DESCRIPTION |
| Extent |
259 p. |
| 504 ## - BIBLIOGRAPHY, ETC. NOTE |
| Bibliography, etc. note |
Includes bibliographical references and index. |
| 520 ## - SUMMARY, ETC. |
| Summary, etc. |
"Small Teaching fills the gap in higher education literature between the primary research in cognitive theory and the classroom environment. While other books provide research without concrete examples or simply introduce radical theories that ultimately are not useful in the classroom, this book offers simple interventions that can be integrated into pre-existing techniques as well as clear descriptions of how to do so. The term "small teaching" refers to an approach that seeks to spark positive change in the classroom through small but powerful modifications to course design and teaching practices. A small teaching approach or activity may take one of three forms: brief classroom or online learning activities, one-time interventions in a course, or small modifications in course design or communication with students. Each chapter introduces a basic concept in cognitive research that has implications for classroom teaching, explains the rationale for offering it within a specific time period in a typical class, and then provides concrete examples of how this intervention has been used or could be used by faculty in a variety of disciplines. The second edition will feature 20% revised and updated content, including a newly authored preface, updated examples and specific techniques, updated research, a new "self-explanation" chapter, and updated resources."-- |
| Assigning source |
Provided by publisher. |
| 588 ## - SOURCE OF DESCRIPTION NOTE |
| Source of description note |
Description based on print version record and CIP data provided by publisher; resource not viewed. |
| 650 #0 - SUBJECT ADDED ENTRY--TOPICAL TERM |
| Topical term or geographic name entry element |
Cognitive learning. |
| 9 (RLIN) |
52722 |
| 650 #0 - SUBJECT ADDED ENTRY--TOPICAL TERM |
| Topical term or geographic name entry element |
Thought and thinking |
| General subdivision |
Study and teaching. |
| 9 (RLIN) |
85473 |
| 776 08 - ADDITIONAL PHYSICAL FORM ENTRY |
| Relationship information |
Print version: |
| Main entry heading |
Lang, James M. |
| Title |
Small teaching |
| Edition |
Second edition. |
| Place, publisher, and date of publication |
[San Francisco] : Jossey-Bass, [2021] |
| International Standard Book Number |
9781119755548 |
| Record control number |
(DLC) 2021024090 |
| 887 ## - NON-MARC INFORMATION FIELD |
| Source of data |
8 |
| Content of non-MARC field |
Papia Akter |
| 888 ## - |
| -- |
8 |
| 942 ## - ADDED ENTRY ELEMENTS (KOHA) |
| Source of classification or shelving scheme |
Library of Congress Classification |
| Koha item type |
Books |
| Suppress in OPAC |
No |